Welcome to the Holygrace Academy Library

Please use search bar below to get started

THE POWER OF THE POSSIBLE (Record no. 5429)

MARC details
000 -LEADER
fixed length control field 00288nam a22001217a 4500
082 ## - DEWEY DECIMAL CLASSIFICATION NUMBER
Classification number 158
Item number MCC/P
100 ## - MAIN ENTRY--AUTHOR NAME
Personal name MCCCARTHY,AURIELA
245 ## - TITLE STATEMENT
Title THE POWER OF THE POSSIBLE
260 ## - PUBLICATION, DISTRIBUTION, ETC. (IMPRINT)
Place of publication INDIA
Name of publisher JAICO PUBLISHING HOUSE
300 ## - PHYSICAL DESCRIPTION
Number of Pages 168
650 ## - SUBJECT ADDED ENTRY--TOPICAL TERM
Topical Term PERSONALITY DEVELOPMENT
Geographic subdivision INDIA
942 ## - ADDED ENTRY ELEMENTS (KOHA)
Koha item type Books
Holdings
Withdrawn status Lost status Collection code Home library Current library Shelving location Date acquired Source of acquisition Full call number Accession Number Koha item type
    Reference Main Library Main Library SHELF-17H-PERSONALITY DEVELOPMENT BOOKS 28/02/2017 PURCHASE 158 MCC/P 09992 Books